Difference Satire Makes: Rhetoric and Reading from Johnson to Byron (Record no. 1846642)

MARC details
000 -LEADER
fixed length control field 00704nam a2200301Ia 4500
005 - DATE AND TIME OF LATEST TRANSACTION
control field 20260401122336.0
008 - FIXED-LENGTH DATA ELEMENTS--GENERAL INFORMATION
fixed length control field 008 250103s9999 xx 000 0 eng d
020 ## - INTERNATIONAL STANDARD BOOK NUMBER
International Standard Book Number 9780801438042
037 ## - SOURCE OF ACQUISITION
Stock number TB
040 ## - CATALOGING SOURCE
Original cataloging agency EDL
040 ## - CATALOGING SOURCE
Language of cataloging eng
040 ## - CATALOGING SOURCE
Transcribing agency EDL
041 ## - LANGUAGE CODE
Source of code eng
041 ## - LANGUAGE CODE
Language code of text/sound track or separate title eng
084 ## - COLON CLASSIFICATION NUMBER
Classification number 827 BOG
084 ## - COLON CLASSIFICATION NUMBER
Assigning agency EDL
100 ## - MAIN ENTRY--PERSONAL NAME
Personal name Bogel, Fredric V.
9 (RLIN) 1233297
245 #0 - TITLE STATEMENT
Title Difference Satire Makes: Rhetoric and Reading from Johnson to Byron
245 #0 - TITLE STATEMENT
Statement of responsibility, etc. Bogel, Fredric V.
260 ## - PUBLICATION, DISTRIBUTION, ETC.
Place of publication, distribution, etc. Ithaca
260 ## - PUBLICATION, DISTRIBUTION, ETC.
Name of publisher, distributor, etc. Cornell University Press
260 ## - PUBLICATION, DISTRIBUTION, ETC.
Date of publication, distribution, etc. 2001
300 ## - PHYSICAL DESCRIPTION
Extent 262p
942 ## - ADDED ENTRY ELEMENTS (KOHA)
Koha item type Textbook
942 ## - ADDED ENTRY ELEMENTS (KOHA)
Classification part 827 BOG
Holdings
Withdrawn status Lost status Damaged status Not for loan Home library Current library Date acquired Total Checkouts Full call number Barcode Date last seen Price effective from Koha item type
        Department of English Library Department of English Library 2026-04-01   827 BOG EL2151988 2026-04-01 2026-04-01 Textbook
Copyright @ Delhi University Library System